[Event "Capablanca Memorial op-A 46th"]
[Site "Havana"]
[Date "2011.05.17"]
[Round "6"]
[White "Fleites Marti, Yuleikys"]
[Black "Illas Pueyo, Leonardo"]
[Result "0-1"]
[WhiteElo "2167"]
[BlackElo "2310"]
[PlyCount "132"]
[EventDate "2011.05.11"]
[EventType "swiss"]
[EventRounds "10"]
[EventCountry "CUB"]
[SourceTitle "CBM 142 Extra"]
[Source "ChessBase"]
[SourceDate "2011.06.27"]
[SourceVersion "1"]
[SourceVersionDate "2011.06.27"]
[SourceQuality "1"]

1. e4 c5 2. Nf3 d6 3. d4 cxd4 4. Qxd4 Nc6 5. Bb5 Bd7 6. Bxc6 bxc6 7. 0-0 e5 8. Qd3 Nf6 9. c4 Qc7 10. Nc3 a5 11. b3 h6 12. Nd2 Be7 13. c5 dxc5 14. Nc4 Be6 15. Qg3 a4 16. Rb1 axb3 17. axb3 Bxc4 18. bxc4 0-0 19. Bxh6 Ne8 20. Rb3 Qd6 21. Rb7 Qe6 22. Nd1 Kh7 23. Bg5 f6 24. Bc1 Nd6 25. Rc7 Nxc4 26. Ne3 Nxe3 27. Bxe3 Rf7 28. Qh3+ Qxh3 29. gxh3 Kg6 30. Rxc6 Ra4 31. Rc1 Rxe4 32. Bxc5 Bxc5 33. R1xc5 Ra7 34. Rc2 Re1+ 35. Kg2 Raa1 36. f3 Rg1+ 37. Kf2 Rg5 38. R2c4 Ra2+ 39. Rc2 Rxc2+ 40. Rxc2 Rf5 41. Kg3 Rf4 42. Rc7 Ra4 43. Re7 Ra2 44. h4 Re2 45. Re6 Re3 46. Kg4 Kf7 47. Ra6 Rb3 48. Ra7+ Kg6 49. Re7 f5+ 50. Kg3 e4 51. h5+ Kf6 52. Ra7 Rxf3+ 53. Kg2 Rb3 54. Ra6+ Kg5 55. Rg6+ Kxh5 56. Rxg7 f4 57. Re7 Rb2+ 58. Kh3 e3 59. Re5+ Kg6 60. Kg4 Rf2 61. h4 e2 62. h5+ Kf6 63. Re8 Kf7 64. Re5 f3 65. h6 Rf1 66. h7 Kg7 0-1

[Event "Barreras Memorial"]
[Site "Las Tunas"]
[Date "2010.04.02"]
[Round "3"]
[White "Aguilera Rodriguez, Alfredo R"]
[Black "Illas Pueyo, Leonardo"]
[Result "0-1"]
[WhiteElo "2301"]
[BlackElo "2317"]
[PlyCount "52"]
[EventDate "2010.04.01"]
[EventType "tourn"]
[EventRounds "9"]
[EventCountry "CUB"]
[EventCategory "1"]
[SourceTitle "EXT 2012"]
[Source "ChessBase"]
[SourceDate "2011.11.24"]
[SourceVersion "1"]
[SourceVersionDate "2011.11.24"]
[SourceQuality "1"]

1. e4 c5 2. Nf3 Nc6 3. Nc3 e5 4. Bc4 d6 5. d3 Be7 6. 0-0 Bg4 7. h3 Bh5 8. Nd5 Nf6 9. c3 Nxd5 10. Bxd5 0-0 11. g4 Bg6 12. Kg2 Qd7 13. Be3 Kh8 14. a4 f6 15. Qb3 Bd8 16. Nh4 Bf7 17. Nf5 Bg6 18. Nxd6 Qxd6 19. Qxb7 Na5 20. Qb5 Bb6 21. b4 cxb4 22. cxb4 Be8 23. Qa6 Nc6 24. Bxb6 Nxb4 25. Qb7 Nxd5 26. exd5 Bf7 0-1

[Event "Las Tunas Province-ch"]
[Site "Las Tunas"]
[Date "2009.11.02"]
[Round "7"]
[White "Gongora Reyes, Maikel"]
[Black "Illas Pueyo, Leonardo"]
[Result "1-0"]
[WhiteElo "2446"]
[BlackElo "2304"]
[PlyCount "59"]
[EventDate "2009.10.28"]
[EventType "tourn"]
[EventRounds "11"]
[EventCountry "CUB"]
[SourceTitle "CBM 133 Extra"]
[Source "ChessBase"]
[SourceDate "2010.01.05"]
[SourceVersion "1"]
[SourceVersionDate "2010.01.05"]
[SourceQuality "1"]

1. e4 d5 2. exd5 Qxd5 3. Nc3 Qe5+ 4. Nge2 Nf6 5. d4 Qa5 6. Bd2 c6 7. g3 Bf5 8. Bg2 e6 9. Nd5 Qd8 10. Nxf6+ Qxf6 11. c4 Qd8 12. Bc3 Be7 13. d5 0-0 14. Nd4 Bf6 15. 0-0 Bg6 16. dxe6 Qb6 17. exf7+ Bxf7 18. Nf5 Bxc3 19. bxc3 Qc5 20. Qg4 Bg6 21. Nd4 Qxc4 22. Rae1 Qf7 23. Qh4 Qf6 24. Qxf6 gxf6 25. Re7 Rf7 26. Re8+ Kg7 27. Rfe1 f5 28. Rc8 Rd7 29. Bh3 Kf6 30. Re6+ 1-0